000
00325nam a22001457a 4500
020
_a
978-0782116090
041
_a
ENG
100
_a
Dickler.H
245
_a
Programmer's Guide To Foxpro 2.6
250
_a
Second Ed
260
_a
Delhi
_b
BPB Publications
_c
1995
300
_a
766
650
_a
Computer
856
_u
Computer
999
_c
768
_d
768